| 000 | 01260nam a2200217Ia 4500 | ||
|---|---|---|---|
| 003 | OSt | ||
| 005 | 20210922165958.0 | ||
| 008 | 210310s1990 ck gr 000 0 spa d | ||
| 040 |
_aCO-JMCR _cCO-JMCR |
||
| 041 | 0 | _aspa | |
| 082 | 0 | 4 |
_a338.7 / _bF293d _223 |
| 110 | 2 |
_aFederación Metalúrgica Colombiana _eautor _940733 |
|
| 245 | 1 | 3 |
_aEl desarrollo industrial frente a la reestructuración / _cFederación Metalúrgica Colombiana |
| 250 | _aPrimera edición. | ||
| 260 |
_aBogotá : _bSena, _c1989. |
||
| 300 |
_a287 páginas : _bilustraciones y gráficas en blanco y negro ; _c24 cm. |
||
| 505 | 0 |
_tEl desarrollo industrial frente a la reestructuración - fedemetal / _rJorge Méndez Munévar, Luis Gustavo Flórez Enciso. -- _tExperiencias de reestructuración industrial -fedesarrollo. / _rJuan José Echavarría. -- _tReestructuración industrial, política y practica - banco mundial. / _rIra Lieberman. -- _tUna revisión general de la reestructuración ministerio de desarrollo. / _rJorge Rodríguez Mancera. -- _tLa integración y el proceso de reestructuración - junta del acuerdo de Cartagena. / _rFernando Sanz Marique. |
|
| 650 | 1 | 4 |
_aRestructuración industrial _940734 |
| 650 | 2 | 4 |
_aDesarrollo industrial. _940735 |
| 942 |
_2ddc _cBK |
||
| 999 |
_c12507 _d12507 |
||